English file Student's book

Đã lưu trong:
Bibliografiske detaljer
Hovedforfatter: Oxenden, Clive
Format: Bog
Sprog:Undetermined
Udgivet: Oxford Oxford University Press 1999
Fag:
Tags: Tilføj Tag
Ingen Tags, Vær først til at tagge denne postø!
Thư viện lưu trữ: Trung tâm Học liệu Trường Đại học Cần Thơ
LEADER 00596nam a2200217Ia 4500
001 CTU_35382
008 210402s9999 xx 000 0 und d
020 |c 108000 
082 |a 428.24 
082 |b O.98is 
100 |a Oxenden, Clive 
245 0 |a English file 
245 0 |b Student's book 
245 0 |c Clive Oxenden, Christina Latham-Koenig 
260 |a Oxford 
260 |b Oxford University Press 
260 |c 1999 
650 |a English language,English language 
650 |x Study and teaching 
904 |i Minh, H.Mai 
980 |a Trung tâm Học liệu Trường Đại học Cần Thơ